000 00301nam a2200121Ia 4500
008 241002s9999 xx 000 0 und d
082 _a297.87 TRI
100 _aTrimingham, J. Speneer
245 4 _aThe Influence of Islam Upon Africa
260 _aLondon:
_c1968
600 _aLiterature
942 _cUC
999 _c18349
_d18349